Normal view MARC view
  • Cabeza de Vaca, Alvar Núñez,

Entry Nombre Personal

Number of records used in: 4

001 - NUMERO DE CONTROL

  • campo de control: 14190

003 - IDENTIFICADOR DE NUMERO DE CONTROL

  • campo de control: UPN

005 - FECHA Y HORA DE LA ÜLTIMA TRANSACCIÓN

  • campo de control: 20220228090522.0

008 - DATOS DE LONGITUD FIJA

  • campo de control de longitud fija: 220228nn acannaabn n aaa d

035 ## - NUMERO DE CONTROL

  • Número de control: UPN10000014198

040 ## - FUENTE DE CATALOGACIÓN

  • Lenguaje de catalogación: SPA
  • Agencia de transcripción: UPN
  • Agencia original de catalogación: UPN

100 1# - ENCABEZAMIENTO - NOMBRE PERSONAL

  • Nombre personal: Cabeza de Vaca, Alvar Núñez,
  • Fechas asociadas con el nombre: 1490?-1557

400 1# - VEÁSE - NOMBRE DE PERSONA

  • Personal name: Núñez Cabeza de Vaca, Alvar,
  • Dates associated with a name: 1490?-1557

670 ## - FUENTE EN LA QUE SE LOCALIZARON DATOS

  • Cita de la fuente: T
  • Información localizada: Diccionario Porrúa de historia, biografía y geografía de México

680 ## - NOTA PUBLICA DE ACCESO PÚBLICO

  • Frase explicativa de la referencia: Conquistador español

902 ## - CATALOGADOR

  • Catalogador: CAA/200110